Normal view
MARC view
Entry Personal Name
001 - CONTROL NUMBER
- control field: 77319
003 - CONTROL NUMBER IDENTIFIER
- control field: dpl
005 - DATE AND TIME OF LATEST TRANSACTION
- control field: 20250203111103.0
008 - FIXED-LENGTH DATA ELEMENTS
- fixed length control field: 250203|| aca||aabn | a|a d
040 ## - CATALOGING SOURCE
- Original cataloging agency: dpl
- Transcribing agency: dpl
100 ## - HEADING--PERSONAL NAME
- Personal name: Narvankar , Yuvraj P
670 ## - SOURCE DATA FOUND
- Source citation: Work cat.: (dpl)208918: Narvankar , Yuvraj P., Electronic Evidence in the Courtroom: A Lawyer's Manual /, 2025
